| Tag |
First Indicator |
Second Indicator |
Subfields |
| LEADER |
00000cam a2200000 a 4500 |
| 001 |
in00001406022 |
| 005 |
20151020072343.0 |
| 008 |
971021s1998 nyua b 001 0 eng |
| 010 |
|
|
|a 97032954
|
| 020 |
|
|
|a 0312173628
|
| 035 |
|
|
|a (OCoLC)37854207
|
| 035 |
|
|
|9 AHQ2754AM
|
| 040 |
|
|
|a DLC
|c DLC
|d TXA
|d UtOrBLW
|
| 043 |
|
|
|a e------
|
| 049 |
|
|
|a TXAM
|
| 050 |
0 |
0 |
|a HG925
|b .J65 1998
|
| 082 |
0 |
0 |
|a 332.4/566/094
|2 21
|
| 245 |
0 |
0 |
|a Joining Europe's monetary club :
|b the challenges for smaller member states /
|c edited by Erik Jones, Jeffry Frieden, Francisco Torres.
|
| 250 |
|
|
|a 1st ed.
|
| 264 |
|
1 |
|a New York :
|b St. Martin's Press,
|c [1998]
|
| 264 |
|
4 |
|c ©1998
|
| 300 |
|
|
|a xi, 258 pages :
|b illustrations ;
|c 22 cm.
|
| 336 |
|
|
|a text
|b txt
|2 rdacontent
|
| 337 |
|
|
|a unmediated
|b n
|2 rdamedia
|
| 338 |
|
|
|a volume
|b nc
|2 rdacarrier
|
| 504 |
|
|
|a Includes bibliographical references and index.
|
| 650 |
|
0 |
|a Monetary unions
|z European Union countries.
|
| 650 |
|
0 |
|a Monetary policy
|z European Union countries.
|
| 700 |
1 |
|
|a Jones, Erik.
|
| 700 |
1 |
|
|a Frieden, Jeffry A.
|
| 700 |
1 |
|
|a Torres, Francisco S.
|
| 948 |
|
|
|a c:cer
|d 20031105
|
| 999 |
|
|
|a MARS
|
| 999 |
f |
f |
|s 19ae8f26-84e7-327e-83e9-d3e5f0a206e7
|i e32b6678-59d7-3893-bae3-1b983f46e9f8
|t 0
|
| 952 |
f |
f |
|p ric
|a Texas A&M University
|b Rellis Campus
|c Joint Library Facility
|d Remote Storage
|t 0
|e HG925 .J65 1998
|h Library of Congress classification
|i unmediated -- volume
|m A14822563495
|
| 998 |
f |
f |
|a HG925 .J65 1998
|t 0
|l Remote Storage
|